| 000 | 00589nam a22001697a 4500 | ||
|---|---|---|---|
| 003 | OSt | ||
| 005 | 20171010095506.0 | ||
| 008 | 120808t xxu||||| |||| 00| 0 eng d | ||
| 040 |
_aMMSU _cULS |
||
| 100 |
_aMarcos, Felipa L. _911929 |
||
| 245 |
_aStylo hay or ipil-ipil leaf meal as supplements to rice straw and concentrate for growing fattening cattle _cFelipa L. Marcos |
||
| 260 | _c1980 | ||
| 300 |
_axvi, 67 leaves _c28 cm. |
||
| 500 | _aThesis (MS Animal Science) -- University of the Philippines, Los BaƱos, Laguna | ||
| 504 | _aBibliography: leaves 46-51 | ||
| 942 |
_2ddc _cTHEDIS |
||
| 999 |
_c9681 _d9681 |
||